1022 1735 1965 1165 1009 1265 1582 1407 1057 1668 1206 1942 1184 1439 1941 1246 1450 1379 1480 1190 1431 1020 1129 1517 1025 1761 1236 1016 1704 1162 1352 1608 1388 1215 1531 1358 1862 1977 1806 1176 1677 1062 1640 1334 1535 1988 1905 1689 1583 1161 1310 1076 1898 1162 1545 1534 1277 1135 1676 1260 1966 1096 1844 1162 1690 1539 1843 1171 1668 1443 1674 1434 1573 1867 1039 1459 1374 1875 1341 1644 1361 1030 1799 1944 1536 1679 1363 1159 1682 1185 1153 1726 1199 1746 1638 1571 1573 1203 1803 BCNSPRNW ULIB Ver.6.0+V

เปลี่ยนเป็นภาษาไทย

Change to English
 แสดงรายละเอียดบรรณานุกรม
  กลับหน้าหลัก

Brief Record : Get Marc (ISO 2709) : E-mail record : QR code < ปิดหน้าต่าง
LEADER : 00000nam 2200000uu 4500
001    13399113300
003     ULIB
008    111006s2543||||th 000 0 tha d
020    9742932999
050  4 TS156^bอ223ค 2543
100 0  อนุวัฒน์ ศุภชุติกุล
245 10 เครื่องมือพัฒนาคุณภาพ /^cอนุวัฒน์ ศุภชุติกุล
250    พิมพ์ครั้งที่ 1
260    นนทบุรี :^bสถาบันพัฒนาและรับรองคุณภาพโรงพยาบาล,^c2543
300    (6), 152 หน้า ;^c24 ซม.
440  0 การพัฒนาคุณภาพบริการโรงพยาบาล
591    LIAD มี
591    LIRA มีฉบับพิมพ์ครั้งที่1 (พ.ศ. 2543), ฉบับพิมพ์ครั้งที่ 2 (พ.ศ. 2543)
591    LIAD : มี ฉบับพิมพ์ครั้งที่ 2 (พ.ศ. 2543)
650  0 Quality control^xStatistical methods
650  0 Quality control^xHandbook, manuals, etc.
650  4 การควบคุมคุณภาพ
650  4 โรงพยาบาล^xการประกันคุณภาพ
710 2  สถาบันพัฒนาและรับรองคุณภาพโรงพยาบาล
945    ^p150^l0^i018465
995    ทศพร
999 ^a ทศพร
รายการนี้ยังไม่มีแท็ก
คุณยังไม่ได้ล็อกอิน คุณสามารถมีกิจกรรมร่วมกับเว็บไซต์ได้ แต่ต้องล็อกอินก่อน ::
  ล็อกอิน

รายการสื่อสารสนเทศ

ลำดับที่ ประเภท เลขเรียก/บาร์โค้ด สถานที่ สถานะ
- ไม่พบข้อมูล -

รายการใกล้เคียง
    ผู้แต่ง [อนุวัฒน์ ศุภชุติกุล]

    หัวเรื่อง [การควบคุมคุณภาพ]

BibComment


ยังไม่เคยถูกคอมเมนท์

คอมเมนท์ทรัพยากรรายการนี้
  คอมเมนท์: เครื่องมือพัฒนาคุ..


 Copyright 2026. Bcnsprnw @Library